[Event "Telekom-Jastrebac"]
[Site "?"]
[Date "2005.09.28"]
[Round "6.2"]
[White "Runic, Zoran"]
[Black "Zafirovski, Mite"]
[Result "1-0"]
[WhiteElo "2413"]
[BlackElo "2292"]
[PlyCount "123"]
[EventDate "2005.09.27"]

1. e4 c5 2. Nf3 Nc6 3. d4 cxd4 4. Nxd4 Qc7 5. Nc3 e6 6. Be2 a6 7. a3 Nf6 8. Be3
Bd6 9. Qd2 Nxd4 10. Bxd4 Bf4 11. Qd3 e5 12. Be3 Bxe3 13. fxe3 d6 14. O-O-O Ke7
15. g4 h6 16. h4 Be6 17. g5 hxg5 18. hxg5 Nd7 19. g6 Nf6 20. gxf7 Bxf7 21. Nd5+
Bxd5 22. exd5 e4 23. Qd2 Rxh1 24. Rxh1 Qc5 25. Rg1 Kf7 26. b4 Qc7 27. Bg4 Rh8
28. Be6+ Kf8 29. Kb2 Rh6 30. Qg2 g6 31. Rf1 Qg7 32. Qg5 Qc7 33. Qg2 Kg7 34. Qg5
Qe7 35. c4 Rh5 36. Qg3 b6 37. Rg1 Rh6 38. Rf1 Rh5 39. Rg1 Rh6 40. Qf4 Kh7 41.
Kb3 Kg7 42. Qf2 Kh7 43. Rf1 Kg7 44. Qb2 Rh5 45. Qd4 Qd8 46. Rf4 Re5 47. c5 bxc5
48. bxc5 Qb8+ 49. Ka2 dxc5 50. Qxc5 Qd8 51. Qd4 Qc7 52. Rf2 Qd6 53. Rd2 Rh5 54.
Kb3 Qb8+ 55. Qb4 Qa7 56. Rd4 Rh8 57. Qc3 a5 58. d6 a4+ 59. Rxa4 Qb6+ 60. Rb4
Qxd6 61. Rb7+ Kh6 62. Qxf6 1-0

[Event "Jastrebac-Telekom"]
[Site "?"]
[Date "2005.09.28"]
[Round "6.2"]
[White "Djordjevic, Nebojsa"]
[Black "Savicevic, Vlatko"]
[Result "1/2-1/2"]
[WhiteElo "2266"]
[BlackElo "2339"]
[PlyCount "29"]
[EventDate "2005.09.27"]

1. d4 d5 2. c4 e6 3. e3 Nf6 4. Nf3 Be7 5. Nc3 O-O 6. Be2 b6 7. O-O Bb7 8. cxd5
exd5 9. a3 c5 10. b3 Nc6 11. Bb2 Rc8 12. Rc1 Re8 13. Na4 Ne4 14. Nc3 Bf8 15.
dxc5 1/2-1/2

[Event "Telekom-Jastrebac"]
[Site "?"]
[Date "2005.09.28"]
[Round "6.2"]
[White "Simic, Dragisa"]
[Black "Milutinovic, Zoran"]
[Result "1/2-1/2"]
[WhiteElo "2314"]
[BlackElo "2171"]
[PlyCount "27"]
[EventDate "2005.09.27"]

1. e4 c6 2. d4 d5 3. e5 Bf5 4. Nf3 e6 5. Be2 c5 6. O-O Nc6 7. c3 Qb6 8. a3 a5
9. a4 Bg4 10. Nbd2 cxd4 11. cxd4 Bb4 12. Bb5 Nge7 13. Nb3 O-O 14. Be3 1/2-1/2

[Event "Jastrebac-Telekom"]
[Site "?"]
[Date "2005.09.28"]
[Round "6.2"]
[White "Jovanovic, Dragan"]
[Black "Adzic, Momcilo"]
[Result "1-0"]
[WhiteElo "2101"]
[BlackElo "2240"]
[PlyCount "138"]
[EventDate "2005.09.27"]

1. e4 c5 2. Nf3 Nc6 3. d4 cxd4 4. Nxd4 Nf6 5. Nc3 d6 6. Be2 e5 7. Nf3 Be7 8.
O-O O-O 9. Bg5 Be6 10. Qd2 h6 11. Bxf6 Bxf6 12. Nd5 Bxd5 13. exd5 Nb8 14. c4
Nd7 15. Rfe1 a5 16. b3 g6 17. Rad1 Bg7 18. Qc2 f5 19. Bf1 Nc5 20. Nd2 h5 21. a3
b6 22. Nb1 e4 23. Nc3 Be5 24. b4 axb4 25. axb4 Nd7 26. Ne2 Qf6 27. Qd2 Ra4 28.
Rb1 Rfa8 29. Rec1 Ra2 30. Rc2 Rxc2 31. Qxc2 Qh4 32. g3 Qf6 33. Qd2 Ra3 34. Qh6
Qg7 35. Qg5 Bf6 36. Qc1 Ra2 37. Qd1 Ne5 38. Qb3 Nf3+ 39. Kg2 Qa7 40. Qe3 Bg5
41. Qc3 Ra3 42. Qc2 Bd2 43. Qb2 Bg5 44. h4 Ra2 45. Qc3 Be7 46. Nf4 Ne5 47. Rc1
Bf6 48. Qb3 Kh7 49. Be2 Nd7 50. Qd1 Qa3 51. Bxh5 Ne5 52. Bxg6+ Kg7 53. Bxf5
Qf3+ 54. Qxf3 exf3+ 55. Kg1 Be7 56. Nd3 Nxd3 57. Bxd3 Rb2 58. Rb1 Ra2 59. Rb3
Bf6 60. Bf1 Bd4 61. Rxf3 Rb2 62. b5 Kh6 63. g4 Kg7 64. Kg2 Ra2 65. Rf5 Kh6 66.
Kg3 Kg7 67. g5 Kg6 68. Kg4 Bxf2 69. h5+ Kg7 1-0

[Event "VSK Sveti Nikolaj-Zadrugar"]
[Site "?"]
[Date "2005.09.28"]
[Round "6.3"]
[White "Iordachescu, Viorel"]
[Black "Manolache, Marius"]
[Result "1-0"]
[WhiteElo "2606"]
[BlackElo "2462"]
[PlyCount "80"]
[EventDate "2005.09.27"]

1. e4 d6 2. d4 g6 3. Nf3 Nf6 4. Nc3 c6 5. Be2 Bg7 6. O-O O-O 7. Re1 Ne8 8. a4
a5 9. Bg5 Na6 10. Qd2 Nb4 11. Rad1 Nc7 12. h3 Ne6 13. Bh4 d5 14. Bf1 Qc7 15.
exd5 cxd5 16. Re2 Bf6 17. Bg3 Qd8 18. Nb5 Na6 19. Ne5 Bd7 20. Ng4 Bg7 21. Rde1
Bxb5 22. axb5 Nac7 23. c3 Ne8 24. Nh6+ Bxh6 25. Qxh6 N8g7 26. Be5 a4 27. h4 a3
28. h5 Nf5 29. Qd2 a2 30. Ra1 gxh5 31. Qd3 Neg7 32. b3 f6 33. Bf4 Qd7 34. Raxa2
Rxa2 35. Rxa2 Re8 36. Re2 Nh4 37. Bh2 Ng6 38. Re1 Rd8 39. Qe3 Nf8 40. Qf3 Ne8
1-0

[Event "Zadrugar-VSK Sveti Nikolaj"]
[Site "?"]
[Date "2005.09.28"]
[Round "6.3"]
[White "Sahovic, Dragutin"]
[Black "Stojanovic, Mihajlo"]
[Result "0-1"]
[WhiteElo "2279"]
[BlackElo "2519"]
[PlyCount "90"]
[EventDate "2005.09.27"]

1. d4 d5 2. c4 dxc4 3. Nf3 c5 4. e3 cxd4 5. Nxd4 Bd7 6. Bxc4 Nc6 7. Nc3 Nf6 8.
O-O e6 9. Ndb5 Qb8 10. b3 a6 11. Nd4 Bd6 12. h3 O-O 13. Bb2 Rd8 14. Rc1 b5 15.
Be2 e5 16. Nxc6 Bxc6 17. Qe1 Qb6 18. Rc2 Rac8 19. Qa1 Qb7 20. f3 Qb6 21. Nd1
Nd5 22. Kf2 f6 23. a3 Nf4 24. b4 Bf8 25. Kg3 Bd5 26. Nc3 Bb3 27. Qc1 Bxc2 28.
exf4 exf4+ 29. Kh2 Bf5 30. Re1 Bd6 31. Bf1 Be5 32. Qa1 Rd2 33. Re2 Bxc3 34.
Bxc3 Rxe2 35. Bxe2 Qe3 36. Qd1 Rxc3 37. Qd8+ Kf7 38. Bd1 Qd3 39. Qb8 Qxd1 40.
Qxf4 Qd5 41. g4 Rxf3 42. Qc7+ Bd7 43. h4 Qd2+ 44. Kg1 Qf2+ 45. Kh1 Rh3+ 0-1

[Event "Zadrugar-VSKSvNikolaj"]
[Site "Sokobanja"]
[Date "2005.09.28"]
[Round "6.3"]
[White "Sekulic, Dusan"]
[Black "Kostic, Vladimir"]
[Result "0-1"]
[WhiteElo "2366"]
[BlackElo "2439"]
[PlyCount "106"]
[EventDate "2005.??.??"]
[TimeControl "300"]

{256MB, Fritz8.ctg, ILIJA} 1. d4 Nf6 2. c4 e6 3. Nf3 b6 4. e3 Bb7 5. Nbd2 g6 6.
b3 Bg7 7. Bb2 O-O 8. Bd3 d6 9. Qc2 c5 10. O-O Nc6 11. a3 Qc7 12. Bc3 cxd4 13.
exd4 Ne7 14. Rfe1 Rac8 15. Rac1 Nh5 16. Qb1 Qb8 17. Qa1 Rfe8 18. Bf1 Qa8 19. a4
Nf4 20. a5 bxa5 21. Qxa5 Nf5 22. Qa1 Nh3+ 23. gxh3 Bxf3 24. Nxf3 Qxf3 25. Rcd1
Qf4 26. Rd3 e5 27. dxe5 dxe5 28. Qd1 e4 29. Bd2 Qh4 30. Rd5 Bd4 31. Be3 Bxe3
32. fxe3 Rcd8 33. Qd2 Rxd5 34. cxd5 Rd8 35. Bc4 Qxh3 36. Qg2 Qh4 37. Qf2 Qe7
38. Qf4 Rd6 39. Ra1 Kg7 40. Ra6 Rxa6 41. Bxa6 Qd6 42. Bc4 Qxf4 43. exf4 a5 44.
Kf2 Kf8 45. Be2 Ke7 46. Bg4 e3+ 47. Ke2 Kd6 48. Kf3 Nd4+ 49. Kxe3 Nxb3 50. Kd3
Nc5+ 51. Kd4 Nd7 52. Be2 Nb6 53. Bb5 f5 0-1

[Event "VSKSvNikolaj-Zadrugar"]
[Site "Sokobanja"]
[Date "2005.09.28"]
[Round "6.3"]
[White "Lajthajm, Borko"]
[Black "Trifunovic, Miroljub"]
[Result "1-0"]
[WhiteElo "2455"]
[BlackElo "2265"]
[PlyCount "103"]
[EventDate "2005.??.??"]
[TimeControl "300"]

{256MB, Fritz8.ctg, ILIJA} 1. d4 d5 2. c4 e6 3. Nc3 Be7 4. Nf3 Nf6 5. Bg5 h6 6.
Bh4 O-O 7. e3 b6 8. cxd5 exd5 9. Bd3 Bb7 10. Qb3 c6 11. Bg3 Nbd7 12. Rd1 Nh5
13. Bb1 Re8 14. Qc2 g6 15. Be5 Nxe5 16. Nxe5 Ng7 17. h4 Bf6 18. h5 Bxe5 19.
dxe5 Rxe5 20. hxg6 f5 21. Rd4 h5 22. Rdh4 Qg5 23. Ne2 Re4 24. Nf4 Rxf4 25. Rxf4
Qxg2 26. Rhh4 Rf8 27. Qe2 Qg1+ 28. Qf1 Qxg6 29. Rh3 Rf6 30. Rg3 Qf7 31. Qh3 Bc8
32. Bd3 Rg6 33. Qh4 Rxg3 34. fxg3 Be6 35. Qd8+ Qf8 36. Qg5 Qf7 37. Be2 Qe8 38.
Kf2 Kf8 39. Rh4 Bf7 40. Qf6 Kg8 41. Qd6 c5 42. Qc7 d4 43. exd4 cxd4 44. Qf4
Bxa2 45. Qxd4 Bf7 46. b4 Qe7 47. b5 Qe8 48. Qd6 Ne6 49. Qe5 Ng7 50. Qxe8+ Bxe8
51. Ra4 a5 52. bxa6 1-0

[Event "Zadrugar-VSKSvNikolaj"]
[Site "Sokobanja"]
[Date "2005.09.28"]
[Round "6.3"]
[White "Ljubisavljevic, Zivojin"]
[Black "Bozic, Milan"]
[Result "1-0"]
[WhiteElo "2261"]
[BlackElo "2394"]
[PlyCount "83"]
[EventDate "2005.??.??"]
[TimeControl "300"]

{256MB, Fritz8.ctg, ILIJA} 1. d4 c5 2. d5 e5 3. e4 d6 4. Nc3 Be7 5. Bb5+ Kf8 6.
a4 Bg5 7. Be2 Bxc1 8. Qxc1 Ne7 9. f4 exf4 10. Qxf4 Ng6 11. Qg3 Ne5 12. Nf3 Nbd7
13. O-O a6 14. Kh1 Qe7 15. Nh4 Nf6 16. Nf5 Bxf5 17. Rxf5 g6 18. Rf4 h5 19. Raf1
Nfd7 20. Nd1 Ke8 21. Nf2 Kd8 22. Nh3 f6 23. R4f2 g5 24. Qc3 Kc7 25. b4 Raf8 26.
Rf5 Kb8 27. b5 axb5 28. Bxb5 Kc7 29. Nf2 Ra8 30. a5 Rhf8 31. Nd3 Ng4 32. Bxd7
Kxd7 33. Nxc5+ dxc5 34. d6 Qd8 35. Rxc5 Rc8 36. Rb1 Rxc5 37. Qxc5 Qc8 38. Qd5
Ne5 39. Rxb7+ Ke8 40. Qb5+ Nd7 41. Rc7 Qxc7 42. dxc7 1-0

[Event "Borac-SlobodaBohor"]
[Site "Sokobanja"]
[Date "2005.09.28"]
[Round "6.4"]
[White "Spasov, Vasil"]
[Black "Misailovic, Nebojsa"]
[Result "1-0"]
[WhiteElo "2551"]
[BlackElo "2357"]
[PlyCount "90"]
[EventDate "2005.??.??"]
[TimeControl "300"]

1. e4 c5 2. Nf3 d6 3. d4 cxd4 4. Nxd4 Nf6 5. Nc3 a6 6. Be3 Ng4 7. Bg5 h6 8. Bh4
g5 9. Bg3 Bg7 10. h3 Ne5 11. Nf5 Bxf5 12. exf5 Qa5 13. Qd5 Nbc6 14. Qxa5 Nxa5
15. Nd5 Rc8 16. O-O-O Rc6 17. Be2 Kd7 18. Rhe1 Rhc8 19. c3 b5 20. Bg4 e6 21.
fxe6+ fxe6 22. Nb4 Nxg4 23. Nxc6 Rxc6 24. hxg4 b4 25. Be5 Bxe5 26. Rxe5 Nc4 27.
Re2 bxc3 28. bxc3 Nb6 29. Rh1 Rxc3+ 30. Rc2 Rd3 31. Rxh6 d5 32. Re2 Rc3+ 33.
Kd1 Rc6 34. Re5 Nc4 35. Rxg5 Rb6 36. Kc1 Rc6 37. Rg7+ Kd6 38. g5 Ke5 39. Rhh7
Na3+ 40. Kd1 Rc2 41. Rf7 d4 42. Rh3 Rxa2 43. g6 Ra1+ 44. Ke2 Ra2+ 45. Kd3 Nb1
1-0

[Event "SlobodaBohor-Borac"]
[Site "Sokobanja"]
[Date "2005.09.28"]
[Round "6.4"]
[White "Djokic, Vladan"]
[Black "Paunovic, Dragan"]
[Result "0-1"]
[WhiteElo "2294"]
[BlackElo "2503"]
[PlyCount "104"]
[EventDate "2005.??.??"]
[TimeControl "300"]

1. e4 c5 2. Nf3 e6 3. d4 cxd4 4. Nxd4 a6 5. Bd3 Nf6 6. O-O d6 7. c4 b6 8. Nc3
Bb7 9. Qe2 g6 10. b3 Nbd7 11. Bb2 Bg7 12. Rad1 O-O 13. Bb1 Qc7 14. f3 Rfe8 15.
Qd2 Rad8 16. Kh1 Qb8 17. Qf2 Qa8 18. Nc2 Qb8 19. Ne3 Bc6 20. b4 Ne5 21. a3 b5
22. cxb5 axb5 23. Ba2 Qb7 24. Rd2 d5 25. Rfd1 Qb6 26. Ne2 Nc4 27. Bxc4 dxc4 28.
Rxd8 Rxd8 29. Rxd8+ Qxd8 30. Nd4 Nxe4 31. fxe4 Bxd4 32. Qd2 Bf6 33. Qxd8+ Bxd8
34. e5 Kg7 35. Nc2 f6 36. Kg1 fxe5 37. Bxe5+ Bf6 38. Bxf6+ Kxf6 39. Kf2 Ke5 40.
Ke3 Kd6 41. g3 e5 42. Ne1 Ke6 43. Nc2 Kf5 44. h4 h5 45. a4 bxa4 46. Na3 c3 47.
b5 c2 48. Nxc2 Bxb5 49. Kf3 Bd3 50. Na3 e4+ 51. Ke3 Kg4 52. Kf2 Kh3 0-1

[Event "Borac-SlobodaBohor"]
[Site "Sokobanja"]
[Date "2005.09.28"]
[Round "6.4"]
[White "Vratonjic, Slobo"]
[Black "Civric, Zdravko"]
[Result "1-0"]
[WhiteElo "2455"]
[BlackElo "2200"]
[PlyCount "59"]
[EventDate "2005.??.??"]
[TimeControl "300"]

1. e4 c5 2. Nf3 Nc6 3. Bb5 g6 4. Bxc6 dxc6 5. d3 Bg7 6. O-O e5 7. Be3 Qe7 8. a4
Nf6 9. h3 Nd7 10. Na3 Nf8 11. Nc4 f6 12. c3 Be6 13. Qb3 Rd8 14. Qa3 Bxc4 15.
Bxc5 Qe6 16. dxc4 Qxc4 17. Bxa7 Qxe4 18. Qb3 Rd7 19. Rad1 Qf5 20. Rxd7 Qxd7 21.
Rd1 Qe7 22. Bb8 Ne6 23. Bd6 Qf7 24. a5 Ng5 25. c4 Nxf3+ 26. gxf3 Bf8 27. a6
Bxd6 28. Rxd6 O-O 29. Qxb7 Qxc4 30. Rxc6 1-0

[Event "SlobodaBohor-Borac"]
[Site "Sokobanja"]
[Date "2005.09.28"]
[Round "6.4"]
[White "Andric, Zoran"]
[Black "Marinkovic, Ivan"]
[Result "0-1"]
[WhiteElo "2260"]
[BlackElo "2444"]
[PlyCount "86"]
[EventDate "2005.??.??"]
[TimeControl "300"]

1. d4 Nf6 2. Nf3 c5 3. c4 cxd4 4. Nxd4 b6 5. Nc3 Bb7 6. f3 e6 7. e4 Nc6 8. Nc2
Qb8 9. Be3 Bd6 10. Qd2 O-O 11. g3 Be5 12. O-O-O Rd8 13. Bd3 Ne7 14. Rhe1 d5 15.
exd5 exd5 16. f4 dxc4 17. fxe5 Rxd3 18. Qe2 Rxd1+ 19. Qxd1 Nfd5 20. Bd4 Bc8 21.
Ne4 Be6 22. Nd6 Qc7 23. Qe2 c3 24. b3 Nf5 25. Nxf5 Bxf5 26. Qf3 Be6 27. Ne3 Rd8
28. Nxd5 Rxd5 29. Bxc3 Qc6 30. Re3 b5 31. Kb2 Qd7 32. Qf2 h6 33. Re2 Qe7 34.
Qf4 Qd8 35. Qb4 Qg5 36. Qf4 Qd8 37. Qb4 Qb6 38. Qf4 a5 39. Rd2 b4 40. Bd4 Qb5
41. Rc2 a4 42. bxa4 Qxa4 43. Rd2 Rd7 0-1

[Event "Borac-SlobodaBohor"]
[Site "Sokobanja"]
[Date "2005.09.28"]
[Round "6.4"]
[White "Narandzic, Vlado"]
[Black "Zivanic, Slobodan"]
[Result "1/2-1/2"]
[WhiteElo "2346"]
[BlackElo "2262"]
[PlyCount "84"]
[EventDate "2005.??.??"]
[TimeControl "300"]

1. e4 c5 2. Nf3 e6 3. d3 Nc6 4. Nbd2 d6 5. g3 Nf6 6. Bg2 Be7 7. O-O O-O 8. Re1
Rb8 9. a4 a6 10. c3 b5 11. axb5 axb5 12. d4 Qb6 13. e5 dxe5 14. dxe5 Nd7 15.
Qc2 Bb7 16. Nf1 Ra8 17. Rb1 Rfc8 18. h4 c4 19. h5 b4 20. N1h2 Ra2 21. Re4 Na5
22. Rd4 Qb5 23. Bg5 Bf8 24. Bf4 Bc5 25. Ng5 Nf8 26. Bxb7 Qxb7 27. Rdd1 bxc3 28.
Qxc3 h6 29. Ngf3 Bb4 30. Qe3 Bc5 31. Nd4 Rxb2 32. Rxb2 Qxb2 33. Bxh6 Nh7 34.
Qe4 gxh6 35. Ng4 Ng5 36. Nxh6+ Kg7 37. Nhf5+ exf5 38. Qxf5 Bxd4 39. Qxg5+ Kf8
40. Qh6+ Ke8 41. Qh8+ Ke7 42. Qf6+ Ke8 1/2-1/2

[Event "INADizajn-MetalacTakovo"]
[Site "Sokobanja"]
[Date "2005.09.28"]
[Round "6.5"]
[White "Andonov, Bogumil"]
[Black "Rabrenovic, Vladan"]
[Result "0-1"]
[WhiteElo "2418"]
[BlackElo "2319"]
[PlyCount "76"]
[EventDate "2005.??.??"]
[TimeControl "300"]

1. Nf3 d5 2. d4 Nf6 3. c4 g6 4. cxd5 Nxd5 5. e4 Nb6 6. h3 Bg7 7. Nc3 O-O 8. Be3
Be6 9. d5 Bc8 10. Qb3 c6 11. Rd1 Bd7 12. Be2 Qc8 13. O-O Bxc3 14. Qxc3 cxd5 15.
Qd3 dxe4 16. Qxe4 Nc6 17. Bh6 Re8 18. Rfe1 Be6 19. Ng5 Bxa2 20. Qh4 f6 21. Nxh7
Qe6 22. Bg4 Qf7 23. Rxe7 Qxe7 24. Nxf6+ Kf7 25. Bg5 Rh8 26. Nh7 Qe5 27. Bf4
Rxh7 28. Qxh7+ Qg7 29. Qh4 Re8 30. Rd3 Ne5 31. Bxe5 Rxe5 32. Rf3+ Ke8 33. Ra3
Re1+ 34. Kh2 Qe5+ 35. g3 Bd5 36. Bf3 Qxb2 37. Kg2 Qxa3 38. Bxd5 Nxd5 0-1

[Event "MetalacTakovo-INADizajn"]
[Site "Sokobanja"]
[Date "2005.09.28"]
[Round "6.5"]
[White "Irizanin, Radoje"]
[Black "Muratovic, Alija"]
[Result "0-1"]
[WhiteElo "2228"]
[BlackElo "2417"]
[PlyCount "118"]
[EventDate "2005.??.??"]
[TimeControl "300"]

1. d4 d5 2. Nf3 Nf6 3. c4 e6 4. Nc3 c6 5. Bg5 Nbd7 6. cxd5 exd5 7. e3 h6 8. Bf4
Nb6 9. Bd3 Bd6 10. Ne5 O-O 11. Qc2 Nh5 12. Bh7+ Kh8 13. Nxf7+ Rxf7 14. Bxd6
Qxd6 15. Bg6 Bf5 16. Bxf5 Raf8 17. Bd3 Rxf2 18. Qxf2 Rxf2 19. Kxf2 c5 20. g3
cxd4 21. exd4 Qf6+ 22. Kg2 Qxd4 23. Rad1 Qb4 24. Rhe1 Nf6 25. Re2 Kg8 26. Rde1
d4 27. Ne4 Ng4 28. Rc1 Ne3+ 29. Kg1 Qe7 30. Nd2 Qd8 31. Nf1 Nbd5 32. Nxe3 Nxe3
33. Bg6 Qd7 34. Rc5 Qe6 35. Bd3 Qxa2 36. Rc8+ Kf7 37. Rc7+ Kf6 38. Rf2+ Ke6 39.
Rc1 Qb3 40. Bg6 Qb6 41. Bd3 Ke5 42. Re1 Qb4 43. Rc1 Qa5 44. h3 Kd6 45. Kh2 h5
46. Rc8 h4 47. Rcf8 hxg3+ 48. Kxg3 Qe5+ 49. Kf3 Qh5+ 50. Kg3 Qg5+ 51. Kf3 Qd5+
52. Kg3 Qe5+ 53. Kf3 g5 54. Be4 Ke7 55. Ke2 Qxe4 56. R2f7+ Kd6 57. Rd8+ Kc5 58.
Rc8+ Kb5 59. Kd2 Nc4+ 0-1

[Event "INADizajn-MetalacTakovo"]
[Site "Sokobanja"]
[Date "2005.09.28"]
[Round "6.5"]
[White "Milisavljevic, Milisav"]
[Black "Radivojevic, Miladin"]
[Result "1/2-1/2"]
[WhiteElo "2182"]
[BlackElo "2172"]
[PlyCount "168"]
[EventDate "2005.??.??"]
[TimeControl "300"]

1. c4 Nf6 2. Nf3 g6 3. g3 Bg7 4. Bg2 O-O 5. O-O d6 6. d4 Nc6 7. Nc3 Bg4 8. Be3
Nd7 9. Rc1 e5 10. dxe5 Bxf3 11. exf3 Ncxe5 12. b3 Nc5 13. Qd2 Ned3 14. Rb1 a5
15. f4 Nb4 16. f5 Qf6 17. Ne4 Nxe4 18. Bxe4 Nc6 19. fxg6 hxg6 20. Bd5 Kh7 21.
h4 Qf5 22. Rfe1 Rae8 23. Bxc6 bxc6 24. Bd4 Bh6 25. Qd1 Re6 26. Rxe6 fxe6 27.
Rb2 c5 28. Bc3 Bg7 29. Bxg7 Kxg7 30. Qd2 Qe5 31. Rc2 Qe4 32. Rc3 a4 33. Re3 Qf5
34. bxa4 e5 35. a5 Qb1+ 36. Kg2 Qb4 37. Qe2 Qxa5 38. Kg1 Ra8 39. a3 Rb8 40. Qd3
Qa8 41. Re4 Qb7 42. Kg2 Qb1 43. Qe2 Rf8 44. Re3 Qb7+ 45. Kg1 Qb1+ 46. Kg2 Qb7+
47. Kg1 Rf5 48. Qc2 Qa8 49. a4 Rf8 50. Ra3 Qa5 51. Qc3 Qxc3 52. Rxc3 Ra8 53.
Ra3 Ra5 54. Kf1 Kf6 55. Ke2 c6 56. Kd3 d5 57. f3 Kf5 58. Ra1 g5 59. hxg5 Kxg5
60. Ra3 Kf5 61. Ra1 Kg5 62. Ra2 Kf5 63. Ra1 Kf6 64. Ra2 Kf5 65. Ra1 Ke6 66. Ra2
Kd6 67. Kc3 Ra8 68. Kd3 Kc7 69. a5 Rd8 70. Ke3 Kb7 71. Rb2+ Kc7 72. Ra2 Rb8 73.
a6 Rb3+ 74. Ke2 Kb8 75. a7+ Ka8 76. Ra5 Rb2+ 77. Ke1 Rb1+ 78. Ke2 Rb2+ 79. Ke1
Rb3 80. Ke2 Rb2+ 81. Ke1 Rb4 82. Ke2 Rb2+ 83. Ke1 Rb3 84. Ke2 Rb2+ 1/2-1/2

[Event "MetalacTakovo-INADizajn"]
[Site "Sokobanja"]
[Date "2005.09.28"]
[Round "6.5"]
[White "Mirkovic, Stevan"]
[Black "Djakovac, Enes"]
[Result "1/2-1/2"]
[WhiteElo "2182"]
[BlackElo "2211"]
[PlyCount "76"]
[EventDate "2005.??.??"]
[TimeControl "300"]

1. Nf3 d5 2. d4 Nf6 3. c4 c6 4. Nc3 dxc4 5. a4 Bf5 6. Nh4 e6 7. Nxf5 exf5 8. e3
Bd6 9. Bxc4 O-O 10. Qf3 g6 11. O-O Re8 12. b3 Qe7 13. Bb2 Nbd7 14. a5 Ne4 15.
Nxe4 Qxe4 16. Qxe4 Rxe4 17. Rfc1 Ree8 18. a6 b6 19. Ba3 Be7 20. Bxe7 Rxe7 21.
b4 Rd8 22. Be2 Nb8 23. Bf3 Rc7 24. Rc2 Rdc8 25. Be2 Kf8 26. Rac1 Ke7 27. f3 f6
28. e4 f4 29. g3 g5 30. gxf4 gxf4 31. Kg2 Kd6 32. Kh3 Rg8 33. Bf1 Rg5 34. Rg2
Rcg7 35. Rg4 Rh5+ 36. Kg2 Rhg5 37. Kh3 Rh5+ 38. Kg2 Rhg5 1/2-1/2

[Event "INADizajn-MetalacTakovo"]
[Site "Sokobanja"]
[Date "2005.09.28"]
[Round "6.5"]
[White "Ikic, Alija"]
[Black "Al Atarji, Sami"]
[Result "1-0"]
[WhiteElo "2106"]
[BlackElo "2099"]
[PlyCount "129"]
[EventDate "2005.??.??"]
[TimeControl "300"]

1. d4 Nf6 2. c4 g6 3. Nc3 Bg7 4. e4 d6 5. Nf3 O-O 6. Be2 e5 7. O-O Nc6 8. d5
Ne7 9. Ne1 Nd7 10. g4 f5 11. f3 Kh8 12. Be3 Ng8 13. Nd3 Bh6 14. Bf2 Qe7 15. b4
a5 16. a3 axb4 17. axb4 Rxa1 18. Qxa1 Ndf6 19. h3 Bd2 20. exf5 gxf5 21. Qb2 Bh6
22. Bh4 Be3+ 23. Bf2 Bh6 24. Bh4 Be3+ 25. Nf2 Qg7 26. Ncd1 Bd4 27. Qc2 Nh5 28.
Kh2 Nf4 29. Nd3 Qh6 30. Nxf4 Qxh4 31. Ng2 Qe7 32. Nde3 fxg4 33. fxg4 Rxf1 34.
Nxf1 Qf6 35. Bd3 Ne7 36. Ng3 Qf2 37. Qxf2 Bxf2 38. Ne4 Bd4 39. Nf6 Ng6 40. Nxh7
Kxh7 41. Nh4 c6 42. Nxg6 Kg7 43. Ne7 Bd7 44. Bf5 Be8 45. Nc8 cxd5 46. cxd5 Bf7
47. Be4 Bc3 48. Nxd6 Bxb4 49. Nxb7 Kf8 50. d6 Be6 51. Bc6 Bxd6 52. Nxd6 Kg7 53.
Kg3 Bb3 54. Be4 Kf6 55. h4 Ke6 56. Nf5 Ba4 57. Ne3 Be8 58. g5 Bh5 59. Bf5+ Kd6
60. Bg4 Bf7 61. h5 Ke7 62. g6 Be8 63. Kh4 Kf6 64. Nd5+ Kg7 65. Kg5 1-0

[Event "SlobodaBohor-MetalacTakovo"]
[Site "?"]
[Date "2005.09.29"]
[Round "7.1"]
[White "Misailovic, Nebojsa"]
[Black "Kojovic, Dragan"]
[Result "1-0"]
[WhiteElo "2357"]
[BlackElo "2324"]
[PlyCount "151"]
[EventDate "2005.09.29"]

1. e4 d6 2. d4 Nf6 3. Nc3 e5 4. dxe5 dxe5 5. Qxd8+ Kxd8 6. Bc4 Ke8 7. Nf3 Bd6
8. O-O h6 9. b3 a6 10. Bb2 Bg4 11. Nd2 b5 12. Bd3 Nbd7 13. a4 b4 14. Nd1 Nc5
15. Bc4 Be6 16. f3 Nfd7 17. Ne3 Nb6 18. Bxe6 Nxe6 19. a5 Bc5 20. Rfe1 Nd7 21.
Ndc4 Nd4 22. Kf1 f6 23. Rad1 Nf8 24. Bxd4 Bxd4 25. Nd5 Ne6 26. g3 Rb8 27. f4 c6
28. Ndb6 Ke7 29. f5 Nc5 30. Ke2 Rhd8 31. Kf3 Bc3 32. Rf1 Rd4 33. Rxd4 Bxd4 34.
Rd1 Rd8 35. Rd2 Rb8 36. g4 h5 37. Rg2 hxg4+ 38. Rxg4 Kf8 39. Nd6 Rd8 40. Nbc4
Rd7 41. h4 Bc3 42. Ke2 Nb7 43. Nxb7 Rxb7 44. Rg3 Rd7 45. Rd3 Bd4 46. h5 Rd8 47.
Ne3 Rb8 48. Ng4 Ke7 49. Rh3 Rg8 50. Kd3 Bc5 51. Kc4 Bd6 52. Rh1 Kf7 53. h6 Rh8
54. h7 Bf8 55. Nf2 g5 56. Nd3 Kg7 57. Nxb4 Bxb4 58. Kxb4 Rxh7 59. Re1 Rh2 60.
c4 Rb2 61. Re3 Ra2 62. Kc5 Rxa5+ 63. Kxc6 Ra3 64. c5 a5 65. Rd3 Kh6 66. Kb5 a4
67. Kb4 Ra1 68. bxa4 g4 69. c6 Rb1+ 70. Rb3 Rc1 71. Rc3 Rb1+ 72. Kc5 Rb8 73. c7
Rc8 74. Kb6 Kg5 75. Kb7 Rg8 76. c8=Q 1-0

[Event "MetalacTakovo-SlobodaBohor"]
[Site "?"]
[Date "2005.09.29"]
[Round "7.1"]
[White "Rabrenovic, Vladan"]
[Black "Djokic, Vladan"]
[Result "1/2-1/2"]
[WhiteElo "2319"]
[BlackElo "2294"]
[PlyCount "61"]
[EventDate "2005.09.29"]

1. d4 Nf6 2. c4 c5 3. d5 b5 4. Nd2 Qa5 5. Qc2 bxc4 6. e4 d6 7. Bxc4 Ba6 8. Ngf3
Bxc4 9. Qxc4 Nbd7 10. O-O g6 11. b3 Bg7 12. Bb2 O-O 13. Qc2 Qc7 14. h3 a5 15.
a4 Nb6 16. Rac1 Rfc8 17. Rfe1 Qb7 18. Qd3 Qa6 19. Nc4 Nxc4 20. Rxc4 Qb7 21.
Bxf6 exf6 22. Nh2 Rab8 23. Re3 Qe7 24. f4 Rb6 25. Nf3 Rcb8 26. Nd2 Qb7 27. g3
Re8 28. Nf3 Rb8 29. Nd2 Re8 30. Nf3 Rb8 31. Nd2 1/2-1/2

[Event "SlobodaBohor-MetalacTakovo"]
[Site "?"]
[Date "2005.09.29"]
[Round "7.1"]
[White "Civric, Zdravko"]
[Black "Gavrilovic, Leonardo"]
[Result "1-0"]
[WhiteElo "2200"]
[BlackElo "2264"]
[PlyCount "101"]
[EventDate "2005.09.29"]

1. e4 Nf6 2. e5 Nd5 3. d4 d6 4. Nf3 g6 5. Bc4 Nb6 6. Bb3 Bg7 7. exd6 cxd6 8.
O-O Nc6 9. h3 d5 10. Re1 O-O 11. Bg5 h6 12. Bf4 Nc4 13. Bxc4 dxc4 14. c3 Be6
15. Nbd2 Bd5 16. Qe2 Rc8 17. Nf1 b5 18. Ne3 Kh7 19. Ng4 e6 20. Qe3 Bxf3 21.
Qxf3 Ne7 22. Be5 Nd5 23. Bxg7 Kxg7 24. Re5 b4 25. cxb4 h5 26. Ne3 Nxb4 27. Rb5
Nd3 28. d5 a6 29. Rb7 Rc7 30. Rxc7 Qxc7 31. Qe4 exd5 32. Qxd5 Qf4 33. Nxc4
Qxf2+ 34. Kh1 Nf4 35. Qe4 Re8 36. Qf3 Re1+ 37. Rxe1 Qxe1+ 38. Kh2 Ne2 39. Qe3
Qf1 40. b4 h4 41. Nd2 Qd1 42. Nf3 Qd6+ 43. Qe5+ Qxe5+ 44. Nxe5 Kf6 45. Nd7+ Kf5
46. Nc5 Kf4 47. Nxa6 Ke3 48. Nc5 Kf2 49. b5 Ng3 50. Nd3+ Ke3 51. b6 1-0

[Event "MetalacTakovo-SlobodaBohor"]
[Site "?"]
[Date "2005.09.29"]
[Round "7.1"]
[White "Irizanin, Radoje"]
[Black "Andric, Zoran"]
[Result "1/2-1/2"]
[WhiteElo "2228"]
[BlackElo "2260"]
[PlyCount "38"]
[EventDate "2005.09.29"]

1. d4 Nf6 2. Bg5 g6 3. Bxf6 exf6 4. e3 Bg7 5. g3 d5 6. Bg2 c6 7. Ne2 f5 8. Nd2
O-O 9. O-O Nd7 10. c4 Nf6 11. cxd5 Nxd5 12. Qb3 Nb6 13. Nf4 g5 14. Nd3 Re8 15.
Qc2 Rb8 16. b4 Be6 17. Nc5 f4 18. Rae1 Bg4 19. Nf3 fxe3 1/2-1/2

[Event "SlobodaBohor-MetalacTakovo"]
[Site "?"]
[Date "2005.09.29"]
[Round "7.1"]
[White "Zivanic, Slobodan"]
[Black "Radivojevic, Miladin"]
[Result "0-1"]
[WhiteElo "2262"]
[BlackElo "2172"]
[PlyCount "122"]
[EventDate "2005.09.29"]

1. e4 c5 2. Nf3 d6 3. c3 Nf6 4. h3 Nbd7 5. Bd3 e6 6. Bc2 Qc7 7. d4 e5 8. O-O
Be7 9. Re1 a6 10. a4 b6 11. Nbd2 Rb8 12. Nf1 O-O 13. Ng3 Re8 14. Nf5 Bf8 15.
Bg5 h6 16. Bc1 Kh7 17. Ng3 Ng8 18. Be3 g6 19. Qd2 Ndf6 20. Nh2 Bb7 21. d5 Bc8
22. f4 exf4 23. Bxf4 Nd7 24. Nf3 Bg7 25. Rad1 Ne5 26. Nxe5 Bxe5 27. Bxe5 Rxe5
28. Rf1 Qe7 29. Rf3 Bd7 30. Rdf1 f6 31. R1f2 Kg7 32. Ne2 Qe8 33. Qd1 Qe7 34.
Nf4 Rg5 35. Qd2 h5 36. Ne2 Rf8 37. Nf4 Nh6 38. Re2 Nf7 39. Rf1 Ne5 40. Ref2 Rg3
41. Ne2 Rg5 42. Nf4 Nc4 43. Qc1 Ne5 44. Qd2 Qe8 45. b3 Qc8 46. Kh2 h4 47. Ne2
Rh5 48. Nf4 Rh6 49. Nd3 Qe8 50. Nxe5 Qxe5+ 51. Kh1 g5 52. Qe3 b5 53. axb5 axb5
54. Bd1 Re8 55. Qd3 Qg3 56. Be2 Bxh3 57. Qxb5 Re7 58. Qd3 Bg4 59. Rf3 Bxf3 60.
Rxf3 Qe5 61. Rf5 Qxe4 0-1